Pokémon de type Sol - Mort Subite - Statistiques

Statistiques générales
  • Ce quiz a été pris 910 fois
    22 depuis la dernière actualisation
  • Le résultat moyen est 17 sur 20
Answers on the Grid
Answers color-coded by a green-red scale on the quiz's grid according to % correct below.
Racaillou
Fort-Ivoire
Dunaconda
Vibraninf
Axoloto
Tritosor
Limonde
Cochignon
Excavarenne
Torterra
Bacabouh
Démétéros
Crocorible
Dinglu
Groudon
Terracool
Minotaupe
Laggron
Ningale
Tutétékri
Parecool
Laporeille
Badabouin
Mastouffe
Cléopsytra
Pachirisu
Leveinard
Ptyranidur
Polichombr
Munna
Charbi
Magnéton
Hotte-de-Fer
Patachiot
Chacripan
Craparoi
 
Statistiques - réponses
Réponse % Correct
Dunaconda
100%
Vibraninf
100%
Laggron
95%
Limonde
95%
Bacabouh
90%
Minotaupe
90%
Tritosor
90%
Cochignon
86%
Crocorible
86%
Racaillou
86%
Terracool
86%
Torterra
86%
Axoloto
81%
Démétéros
81%
Excavarenne
81%
Fort-Ivoire
81%
Groudon
81%
Dinglu
76%
Ningale
76%
Tutétékri
76%
Aucun quiz correspondant
Distribution des résultats
% des personnes avec chaque résultat
Percentile par nombre de réponses
Votre historique - résultats
Vous n’avez pas pris ce quiz depuis la dernière actualisation